ՀՀ Գիտությունների ազգային ակադեմիայի հիմնարար գիտական գրադարան  =   Fundamental Scientific Library of NAS RA

Предложения рационализаторов Акмянского комбината строительных материалов / (Record no. 518651)

MARC details
000 -LEADER
fixed length control field 00961nam a22001937a 4500
003 - CONTROL NUMBER IDENTIFIER
control field AM-YEHGA
005 - DATE AND TIME OF LATEST TRANSACTION
control field 20250617164133.0
008 - FIXED-LENGTH DATA ELEMENTS--GENERAL INFORMATION
fixed length control field 211021b ||||| |||| 00| 0 rus d
040 ## - CATALOGING SOURCE
Original cataloging agency AM-YeHGA
041 0# - LANGUAGE CODE
Language code of text/sound track or separate title rus
001 - CONTROL NUMBER
control field 1797740
090 ## - LOCALLY ASSIGNED LC-TYPE CALL NUMBER (OCLC); LOCAL CALL NUMBER (RLIN)
-- 522209
110 2# - MAIN ENTRY--CORPORATE NAME
Corporate name or jurisdiction name as entry element Акмянский комбинат строительных материалов.
245 10 - TITLE STATEMENT
Title Предложения рационализаторов Акмянского комбината строительных материалов /
Statement of responsibility, etc. Упр. пром-сти стройматериалов Совнархоза Литов. ССР, Ин-т новых строит. материалов
260 ## - PUBLICATION, DISTRIBUTION, ETC.
Place of publication, distribution, etc. Вильнюс :
Name of publisher, distributor, etc. ЦБТИ и пропаганды Гос. ком. Совета Министров по делам строительства и архитектуры,
Date of publication, distribution, etc. 1962.
300 ## - PHYSICAL DESCRIPTION
Extent 33 с.,
Other physical details ил.
653 0# - INDEX TERM--UNCONTROLLED
Uncontrolled term Строительное дело
942 ## - ADDED ENTRY ELEMENTS (KOHA)
Source of classification or shelving scheme Universal Decimal Classification
Koha item type Գրքեր / Books
Holdings
Withdrawn status Lost status Damaged status Not for loan Collection Home library Current library Date acquired Total checkouts Full call number Barcode Date last seen Price effective from Koha item type Public note
        General Fundamental Scientific Library Fundamental Scientific Library 21/10/2021   РII/64672 FL0658828 21/10/2021 21/10/2021 Գրքեր / Books 30 Days Loan


ՀՀ ԳԱԱ հիմնարար գիտական գրադարան
ՀՀ,Երևան 0019
Մարշալ Բաղրամյան 24/6
հեռախոս:(374-10) 52-47-50
Հետադարձ կապ

All site content, except where otherwise noted, is licensed under a
Creative Commons License